Les appareils de levage (Record no. 33417)

MARC details
000 -LEADER
campo de control de longitud fija 00555nam a2200157 i 4500
001 - NÚMERO DE CONTROL
campo de control 33417
003 - IDENTIFICADOR DE NÚMERO DE CONTROL
campo de control ES-MaACL
007 - CAMPO FIJO DE DESCRIPCIÓN FÍSICA--INFORMACIÓN GENERAL
campo de control de longitud fija t|
008 - DATOS DE LONGITUD FIJA--INFORMACIÓN GENERAL
campo de control de longitud fija 030202s1914 fr ||||1| fre d
100 1# - ENTRADA PRINCIPAL--NOMBRE DE PERSONA
Nombre de persona Bethmann, Hugo.
9 (RLIN) 28668
245 14 - MENCIÓN DEL TÍTULO
Título Les appareils de levage
Resto del título : manuel théorique et pratique pour l'étude et la construction /
Mención de responsabilidad, etc. Hugo Bethmann ; traduit de l'allemand sur la deuxiéme édition par Ch. Judais.
260 ## - PUBLICACIÓN, DISTRIBUCIÓN, ETC.
Lugar de publicación, distribución, etc. París :
Nombre del editor, distribuidor, etc. Gauthier-Villars et Cie.,
Fecha de publicación, distribución, etc. 1914.
300 ## - DESCRIPCIÓN FÍSICA
Extensión 728 p. ;
Dimensiones 25 cm.
700 1# - ENTRADA AGREGADA--NOMBRE PERSONAL
Nombre de persona Judais, Ch.
9 (RLIN) 67181
852 ## - LOCALIZACIÓN
Ubicación ES-MaACL
Número de control de estantería G-5865
Holdings
Estatus retirado Estado de pérdida Estado de daño No para préstamo Biblioteca de origen Biblioteca actual Ubicación en estantería Fecha de adquisición Fuente de adquisición Total de préstamos Signatura topográfica completa Código de barras Visto por última vez Precio de reemplazo Tipo de ítem Koha
        Biblioteca del Ateneo de Madrid Biblioteca del Ateneo de Madrid Depósito 2 17/01/2008     G-5865 1034759 23/02/2023 23/02/2023 Libro impreso